Govt. of
Madhya Pradesh

Hemu Vikramaditya (Record no. 68142)

MARC details
000 -LEADER
fixed length control field 00253nam a22001097a 4500
082 ## - DEWEY DECIMAL CLASSIFICATION NUMBER
Classification number 920/KHA
100 ## - MAIN ENTRY--AUTHOR NAME
Personal name Khandekar,Dr.Roopmati
245 ## - TITLE STATEMENT
Title Hemu Vikramaditya
260 ## - PUBLICATION, DISTRIBUTION, ETC. (IMPRINT)
Place of publication Delhi
Name of publisher Bhairavi Publisher
Year of publication 2022
650 ## - SUBJECT ADDED ENTRY--TOPICAL TERM
Topical Term Biography
942 ## - ADDED ENTRY ELEMENTS (KOHA)
Koha item type Books
Holdings
Withdrawn status Lost status Damaged status Not for loan Home library Current library Date acquired Cost, normal purchase price Full call number Accession Number Price effective from Koha item type
        MACL MACL 17/09/2025 799.00 920/KHA CRE040312 17/09/2025 Books